<?xml version="1.0" encoding="UTF-8"?>
<record
    xmlns:xsi="http://www.w3.org/2001/XMLSchema-instance"
    xsi:schemaLocation="http://www.loc.gov/MARC21/slim http://www.loc.gov/standards/marcxml/schema/MARC21slim.xsd"
    xmlns="http://www.loc.gov/MARC21/slim">

  <leader>05486cam a2200265   4500</leader>
  <controlfield tag="001">6338</controlfield>
  <datafield tag="010" ind1=" " ind2=" ">
    <subfield code="a">2015046480</subfield>
  </datafield>
  <datafield tag="020" ind1=" " ind2=" ">
    <subfield code="a">9781472208019</subfield>
  </datafield>
  <datafield tag="100" ind1="1" ind2=" ">
    <subfield code="a">Gaiman, Neil.</subfield>
    <subfield code="e"></subfield>
  </datafield>
  <datafield tag="245" ind1="1" ind2="4">
    <subfield code="a">The view from the cheap seats :</subfield>
    <subfield code="b">selected non-fiction /</subfield>
    <subfield code="c">Neil Gaiman.</subfield>
  </datafield>
  <datafield tag="250" ind1=" " ind2=" ">
    <subfield code="a">First edition.</subfield>
  </datafield>
  <datafield tag="264" ind1=" " ind2="1">
    <subfield code="a">London :</subfield>
    <subfield code="b">Headline publishing group,</subfield>
    <subfield code="c">2016.</subfield>
  </datafield>
  <datafield tag="300" ind1=" " ind2=" ">
    <subfield code="a">xi, 522 pages ;</subfield>
    <subfield code="c">24 cm.</subfield>
  </datafield>
  <datafield tag="336" ind1=" " ind2=" ">
    <subfield code="a">text</subfield>
    <subfield code="2">rdacontent</subfield>
  </datafield>
  <datafield tag="337" ind1=" " ind2=" ">
    <subfield code="a">unmediated</subfield>
    <subfield code="2">rdamedia</subfield>
  </datafield>
  <datafield tag="338" ind1=" " ind2=" ">
    <subfield code="a">volume</subfield>
    <subfield code="2">rdacarrier</subfield>
  </datafield>
  <datafield tag="504" ind1=" " ind2=" ">
    <subfield code="a">Includes index.</subfield>
  </datafield>
  <datafield tag="505" ind1=" " ind2=" ">
    <subfield code="a">Some things I believe. Credo ; Why our future depends on  libraries, reading and daydreaming : the Reading Agency  Lecture, 2013 ; Telling lies for a living...and why we do  it : the Newbery Medal Speech, 2009 ; Four bookshops ;  Three authors : on Lewis, Tolkien and Chesterton : the  MythCon 35 Guest of Honor Speech ; The pornography of  genre, or the genre of pornography ; Ghosts in the  machines : some Hallowe'en thoughts ; Some reflections on  myth (with several digressions onto gardening, comics and  fairy tales) ; How dare you : on America, and writing  about it ; All books have genders ; The PEN Awards and  Charlie Hebdo ; What the [very bad swearword] is a  children's book, anyway? The Zena Sutherland Lecture -- Some people I have known. These are not our faces ;  Reflections : on Diana Wynne Jones ; Terry Pratchett : an  appreciation ; On Dave McKean ; How to read Gene Wolfe ;  Remembering Douglas Adams ; Harlan Ellison : The Beast  That Shouted Love at the Heart of the World ; Banging the  drum for Harlan Ellison ; On Stephen King, for the Sunday  Times ; Geoff Notkin : meteorite man ; About Kim Newman,  with notes on the creation and eventual dissolution of  the Peace and Love Corporation ; Gumshoe : a book review  ; SIMCITY ; Six to six -- Introductions and musings : science fiction. Fritz Leiber  : the short stories ; Hothouse ; Ray Bradbury, Fahrenheit  451 and what science fiction is and does ; Of time, and  Gully Foyle : Alfred Bester and The Stars My Destination  ; Samuel R. Delany and The Einstein Intersection ; On the  fortieth anniversary of the Nebula Awards : a speech,  2005 -- Films and movies and me. The Bride of Frankenstein ;  MirrorMask : an introduction ; MirrorMask : a Sundance  diary ; The nature of the infection : some thoughts on  Doctor Who ; On comics and films : 2006 -- On comics and some of the people who make them. Good  comics and tulips : a speech ; A speech to professionals  contemplating alternative employment, given at PROCON,  April 1997 ; "But what has that to do with Bacchus?"  Eddie Campbell and Deadface ; Confessions : on Astro City  and Kurt Busiek ; Batman : Cover to Cover ; Bone : an  introduction, and some subsequent thoughts ; Jack Kirby :  king of comics ; The Simon and Kirby Superheroes ; The  spirit of seventy-five ; The Best of the Spirit ; Will  Eisner : New York stories ; The keynote speech for the  2003 Eisner Awards ; 2004 Harvey Awards speech ; The Best  American Comics, 2010 -- Introductions and contradictions. Some strangeness in the  proportion : the exquisite beauties of Edgar Allan Poe ;  On The New Annotated Dracula ; Rudyard Kipling's Tales of  Horror and Fantasy ; From the days of future past : The  Country of the Blind and Other Stories, by H.G. Wells ;  Business as usual, during alterations : Information  Doesn't Want to Be Free, by Cory Doctorow ; The mystery  of G.K. Chesterton's Father Brown ; Concerning dreams and  nightmares : the dream stories of H.P. Lovecraft ; On The  13 Clocks by James Thurber ; Votan and Other Novels by  John James ; On Viriconium : some notes toward an  introduction ; So Long, and Thanks for All the Fish : an  introduction ; Dogsbody by Diana Wynne Jones ; Voice of  the Fire by Alan Moore ; Art and Artifice by Jim  Steinmeyer ; The Moth : an introduction -- Music and the people who make it. Hi, by the way : Tori  Amos ; Curious wine : Tori Amos II ; Flood : Twenty-fifth  Anniversary Edition, They Might Be Giants ; Lou Reed, in  memoriam : "The Soundtrack to My Life" ; Waiting for the  man : Lou Reed ; Afterword afterword : Evelyn Evelyn ;  Who Killed Amanda Palmer -- On 'Stardust' and fairy tales. Once upon a time ; Several  things about Charles Vess ; The King of Elfland's  daughter, Lord Dunsany ; Lud-in-the-Mist ; The thing of  it is : Jonathan Strange and Mr. Norrell ; On Richard  Dadd's The Fairy-Feller's Master-Stroke -- Make good art. Make good art -- The view from the cheap seats : real things. The view  from the cheap seats ; A wilderness of mirrors ; The  Dresden dolls : Hallowe'en 2010 ; Eight views of Mount  Fuji : Beloved Demons and Anthony Martignetti ; So many  ways to die in Syria now : May 2014 ; A Slip of the  Keyboard : Terry Pratchett.</subfield>
    <subfield code="g"></subfield>
    <subfield code="r"></subfield>
    <subfield code="t"></subfield>
  </datafield>
  <datafield tag="520" ind1=" " ind2=" ">
    <subfield code="a">The View From the Cheap Seats will draw you in to these  exchanges on making good art and Syrian refugees, the  power of a single word and playing the kazoo with Stephen  King, writing about books, comics and the imagination of  friends, being sad at the Oscars and telling lies for a  living. Here 'we can meet the writer full on' (Stephen  Fry) as he opens our minds to the people he admires and  the things he believes might just mean something - and  makes room for us to join the conversation too.</subfield>
  </datafield>
  <datafield tag="650" ind1=" " ind2=" ">
    <subfield code="a">Creative nonfiction.</subfield>
    <subfield code="v"></subfield>
    <subfield code="x"></subfield>
    <subfield code="y"></subfield>
    <subfield code="z"></subfield>
    <subfield code="2"></subfield>
  </datafield>
  <datafield tag="650" ind1=" " ind2=" ">
    <subfield code="a">English essays -- 21st century.</subfield>
    <subfield code="v"></subfield>
    <subfield code="x"></subfield>
    <subfield code="y"></subfield>
    <subfield code="z"></subfield>
    <subfield code="2"></subfield>
  </datafield>
  <datafield tag="650" ind1=" " ind2=" ">
    <subfield code="a">Popular culture.</subfield>
    <subfield code="v"></subfield>
    <subfield code="x"></subfield>
    <subfield code="y"></subfield>
    <subfield code="z"></subfield>
    <subfield code="2"></subfield>
  </datafield>
  <datafield tag="650" ind1=" " ind2="0">
    <subfield code="a">Essays.</subfield>
  </datafield>
  <datafield tag="650" ind1=" " ind2="0">
    <subfield code="a">Literature.</subfield>
  </datafield>
  <datafield tag="999" ind1=" " ind2=" ">
    <subfield code="c">5344</subfield>
    <subfield code="d">5344</subfield>
  </datafield>
  <datafield tag="952" ind1=" " ind2=" ">
    <subfield code="0">0</subfield>
    <subfield code="1">0</subfield>
    <subfield code="2">ddc</subfield>
    <subfield code="4">0</subfield>
    <subfield code="7">0</subfield>
    <subfield code="8">MAIN</subfield>
    <subfield code="a">RTCLIB</subfield>
    <subfield code="b">RTCLIB</subfield>
    <subfield code="c">MAIN</subfield>
    <subfield code="d">2018-11-27</subfield>
    <subfield code="h"> </subfield>
    <subfield code="i">10035</subfield>
    <subfield code="l">2</subfield>
    <subfield code="o">814 GAI</subfield>
    <subfield code="p">30010097</subfield>
    <subfield code="r">2021-09-27 00:00:00</subfield>
    <subfield code="s">2021-09-20</subfield>
    <subfield code="w">2018-11-27</subfield>
    <subfield code="y">MAIN</subfield>
  </datafield>
</record>
